Abrégé de Géographie Physique / (Record no. 100226)

MARC details
000 -LEADER
campo de control de longitud fija 00611nam a2200193 i 4500
001 - NÚMERO DE CONTROL
campo de control 100226
003 - IDENTIFICADOR DE NÚMERO DE CONTROL
campo de control ES-MaACL
005 - FECHA Y HORA DE LA ÚLTIMA TRANSACCIÓN
campo de control 20250929063142.0
007 - CAMPO FIJO DE DESCRIPCIÓN FÍSICA--INFORMACIÓN GENERAL
campo de control de longitud fija t|
008 - DATOS DE LONGITUD FIJA--INFORMACIÓN GENERAL
campo de control de longitud fija 050923s1939 fr ||||1| fre d
100 1# - ENTRADA PRINCIPAL--NOMBRE DE PERSONA
Nombre de persona Martonne, Emmanuel de,
Fechas asociadas al nombre 1873-1955
9 (RLIN) 78528
245 10 - MENCIÓN DEL TÍTULO
Título Abrégé de Géographie Physique /
Mención de responsabilidad, etc. Enmanuel de Martonne.
250 ## - MENCION DE EDICION
Mención de edición 4e éd., rev. et mise a jour.
260 ## - PUBLICACIÓN, DISTRIBUCIÓN, ETC.
Lugar de publicación, distribución, etc. Paris :
Nombre del editor, distribuidor, etc. Armand Colin,
Fecha de publicación, distribución, etc. 1939 (
Fabricante Hérissey)
300 ## - DESCRIPCIÓN FÍSICA
Extensión IV, 355 p. :
Otras características físicas il. ;
Dimensiones 23 cm.
650 07 - PUNTO DE ACCESO ADICIONAL DE MATERIA--TÉRMINO DE MATERIA
Término de materia o nombre geográfico como elemento de entrada Geografía física
Fuente del encabezamiento o término embne
9 (RLIN) 13078
852 ## - LOCALIZACIÓN
Ubicación ES-MaACL
Número de control de estantería A-5300
Sublocalización o colección R.18357
Holdings
Estatus retirado Estado de pérdida Estado de daño No para préstamo Biblioteca de origen Biblioteca actual Ubicación en estantería Fecha de adquisición Fuente de adquisición Total de préstamos Signatura topográfica completa Código de barras Visto por última vez Precio de reemplazo Tipo de ítem Koha
        Biblioteca del Ateneo de Madrid Biblioteca del Ateneo de Madrid Sala Pecera Planta 1 17/01/2008     A-5300 1104653 23/02/2023 23/02/2023 Libro impreso